Statistiques concernant Pays en Cercles - Amériques - Carte Quiz

Cliquez ici pour prendre le quiz!

Statistiques générales

  • Ce quiz a été pris 211 fois
  • Le résultat moyen est 19 sur 35

Réponses sur la Carte

Les réponses sont colorées sur une échelle allant du rouge au vert en fonction du pourcentage des utilisateurs qui les ont devinées à leur premier essai. Vous pouvez retrouver ces pourcentages ci-dessous.
 

Statistiques - réponses

Réponse% Correct
États-Unis
96%
Canada
95%
Mexique
93%
Guatemala
72%
Panama
68%
Salvador
67%
Belize
66%
Brésil
65%
Costa Rica
64%
Honduras
64%
Chili
62%
Équateur
62%
Pérou
62%
Argentine
61%
Haïti
61%
Bahamas
60%
Colombie
60%
Uruguay
60%
Jamaïque
59%
Nicaragua
59%
Suriname
59%
République dominicaine
58%
Cuba
57%
Paraguay
57%
Venezuela
56%
Bolivie
54%
Guyana
51%
Trinité-et-Tobago
42%
Barbade
29%
Antigua-et-Barbuda
24%
Dominique
23%
Grenade
23%
Saint-Christophe-et-Niévès
20%
Sainte-Lucie
18%
Saint-Vincent-et-les-Grenadines
18%

Distribution des résultats

Percentile par nombre de réponses

% des personnes avec chaque résultat

Votre développement - résultats

Vous n’avez pas pris ce quiz